Kontakty na vyššej úrovni Rozhovor s predsedom luxemburských odborov OGB-L

Bibliographic Details
Main Authors: Castegnaro, John (Author), Pavolková, M. (Author), Bognár, K. (Author)
Format: Article
Language:Slovak
PhysicalDescription:Fot. 1.
Subjects:

MARC

LEADER 00000nab a2200000 a 4500
001 vtls000358391
003 SK-MaSNL
005 20260302223646.0
008 190109c1989 xo 0 slo
015 |a SNBRB19rr/mm-uuuuu 
035 |a CL0358513 
040 |a SNKBUCL  |b slo  |c SNKBUCL  |e AACR2 
041 0 |a slo 
044 |a xo  |c SK 
080 |a 331.88(437:435.9)  |2 1981 
080 |a 331.88(100)(435.9:437)  |2 1981 
100 1 |a Castegnaro, John  |4 aut  |9 953652 
245 1 0 |a Kontakty na vyššej úrovni  |b Rozhovor s predsedom luxemburských odborov OGB-L  |c John Castegnaro, M. Pavolková, K. Bognár 
300 |b Fot. 1. 
610 2 7 |a Revolučné odborové hnutie.  |b Ústredná rada odborov  |2 SNKKA  |9 180099 
650 0 7 |a Nezávislá odborová konfederácia Luxemburska (OGB-L)  |2 snkbucl  |9 953653 
655 7 |a články z novín a časopisov  |2 snkbucl  |9 267496 
700 1 |a Pavolková, M.  |4 aut  |9 923978 
700 1 |a Bognár, K.  |4 aut  |9 953654 
773 0 |t Práca  |g Roč. 44, č. 182 (4. 8. 1989), s. 1 
850 |a Slovenská národná knižnica v Martine  |a MTA001 
852 |a SNK  |b KIS3GCP 
958 |a RK 
992 |a RBX 
999 |c 1521285  |d 1523215